| Поле | Инд. | ПП | Название | Значение |
|---|---|---|---|---|
| Тип записи | a | |||
| Библиографический уровень | m | |||
| 001 | Контрольный номер | 001606012 | ||
| 005 | Дата корректировки | 20140225195034.2 | ||
| 008 | Кодируемые данные | 020227s1991 y zzzz 1|rus u | ||
| 020 | a | ISBN | 5-311-02685-5 | |
| c | Цена, тираж | 2 р. | ||
| 040 | a | Служба первич. каталог. | RKP | |
| a | Служба первич. каталог. | НБ ТвГУ | ||
| e | Правила каталог. | PSBO | ||
| 041 | a | Код языка текста | rus | |
| 084 | a | Индекс другой классификации/Индекс ББК | Ч511.5 | |
| a | Индекс другой классификации/Индекс ББК | Ч515 | ||
| 090 | a | Полочн. индекс | Ч511.5 | |
| x | Авторский знак | Б 12 | ||
| 100 | 1_ | a | Автор | Бабушкин Вадим Зиновьевич |
| q | Полное имя | Бабушкин В. З. | ||
| 245 | a | Заглавие | Специализация в спортивных играх | |
| 260 | a | Место издания | Киев | |
| b | Издательство | Здоровья | ||
| c | Дата издания | 1991 | ||
| 300 | a | Объем | 161,[1] с. | |
| c | Размеры | 20 см | ||
| 504 | a | Библиография | Библиогр.: с. 158-160 (60 назв.) | |
| 653 | a | Ключевые слова | Спортивная тренировка | |
| 653 | a | Ключевые слова | Спортивные игры | |
| 852 | q | Физ. особенности экз. | ||
| 920 | a | Оператор | Суха | |
| 954 | a | Дата поступления на обработку | 20100323 |